Sociálno-ekonomické výzvy Thajska. História a súčasnosť diplomová práca

Saved in:
Bibliographic Details
Main Author: Bandžuchová, Janka
Corporate Author: Fakulta medzinárodných vzťahov EU. Katedra medzinárodných ekonomických vzťahov a hospodárskej diplomacie
Other Authors: Baculáková, Kristína, 1988-
Format: Book
Language:Slovak
Published: Bratislava 2025
Tags: Add Tag
No Tags, Be the first to tag this record!

MARC

LEADER 00000nbm a2200000 4500
001 0309513
005 20260115105829.6
041 0 |a slo 
044 |a SK 
245 1 0 |a Sociálno-ekonomické výzvy Thajska. História a súčasnosť  |b diplomová práca  |c Janka Bandžuchová ; školiteľ: Kristína Baculáková 
264 1 |a Bratislava  |c 2025 
300 |a 82 s. 
100 1 |a Bandžuchová, Janka 
700 1 |a Baculáková, Kristína, 1988- 
710 2 |a Fakulta medzinárodných vzťahov EU. Katedra medzinárodných ekonomických vzťahov a hospodárskej diplomacie